01424nam a2200349Ia 450000500170000000800410001702000190005810000390007724500800011625000390019630000300023549000160026550501080028160000960038965000360048565000410052165000340056265000360059665000440063270000360067670000310071270000480074374000930079194200150088426400260089933600270092533700330095233800280098504000350101308400110104899900150105920220317001223.0160825s2007 ck g 000 0 spa  a978958047130121 aStevenson, Robert Louisd1850-189413aLa isla del tesorocR. L. Stevenson ; traducido por Martha Elena Correa O. a2a. edición b2a. reimpresión  a272, 39 páginasc19 cm  aCara y cruz aMi primer libro: La isla del tesoro / Robert Louis Stevenson -- Mi isla del tesoro / Iván Hernández14aStevenson, Robert Louisd1850-1894tLa isla del tesoroxCrítica e interpretación967810142LEMBaNovela inglesaySiglo XIX142LEMB aLiteratura inglesaySiglo XIX142LEMB aHistorias de aventuras142LEMB aPiratas en la literatura142LEMB aTesoros ocultos en la literatura1 aCorrea O., Martha Elena 9678121 aHernández, Iván9678131 aStevenson, Robert Louis, d1850-1894 92800 aMi isla del tesoro aR. L. Stevenson : vida y obra aMi primer libro: La isla del tesoro 2loccBKLIT aBogotábNormac2007 atextobtxt2rdacontent asin mediaciónbn2rdamedia avolumenbnc2rdacarrier aCO-BoRNBPbspaerdacCO-BoRNBP aN STE2 c6290d6290